000 00703nam a22002297a 4500
999 _c3390
_d3390
001 3390
003 BD-JhCC
005 20171113175403.0
008 171113s2001 bg |||| |||| 000 0 ben d
020 _a9845552811
035 _a(BD-JhCC)3390
040 _aBD-JhCC
_dBD-JhCC
041 _aben
082 _a891.4415
_bNAZ 2001
100 _aইসলাম, কাজী নজরুল
245 _aপ্রলয়-শিখা /
_cকাজী নজরুল ইসলাম
260 _aঢাকা :
_bনজরুল ইন্সটিটিউট,
_c২০০১.
300 _a৫৩ পৃ. :
_c২২ সেমি.
650 _aBengali Poetry
942 _2ddc
_cBK